000 00626nam a2200229Ia 4500
003 OSt
005 20221007063900.0
006 a|||||r|||| 00| 0
007 ta
008 221006b |||||||| |||| 00| 0 eng d
024 _a20,437
037 _cTextual
040 _aFLL
_cFLL
_beng
041 _2eng
_aeng
082 _aZ1:A5y7:N46, J3
100 _aPal R.B. Au.
_9684887
245 0 _aInternational military tribunal for the far east
260 _aCalcutta
_bSanyal & Co. India
_c1953
300 _a701p
_ccm.
942 _hZ1:A5y7:N46, J3
_cTEXL
_2CC
999 _c1132440
_d1132440